Представление документа в формате RUSMARC

ПолеНазваниеЗначение
  Тип записи a
  Библиографический уровень m
001 Контрольный номер RU/CBS_UL/BASE/e86e112b22c645e6a14003db2bd3d8a7
005 Дата корректировки 20260423075931.0
010 Индекс ISBN __
a ISBN 978-5-373-04769-2
b Уточнения в пер.
d Цена 9 р. 58 к.
9 Тираж 2 000 экз.
100 Данные общей обработки __
a Данные общей обработки 20260422d 0rusy0189## ca
101 Язык документа 0_
a Язык текста rus
102 Страна публикации __
a Страна публикации RU
200 Заглавие и сведения об ответственности 1_
a Заглавие Ледяной призрак
e Сведения, относящиеся к заглавию истории с "Титаника"
f Первые сведения об ответственности Р. Дэвенпорт-Хайнс
g Последующие сведения об ответственности пер. с англ. И. Муллер
210 Выходные данные 1_
a Место издания Москва
c Издательство Олма Медиа Групп
d Дата издания 2012
215 Физическое описание __
a Объем 458, [3] с.
d Формат 21,5 см.
300 Общие примечания __
a Общие примечания 16+
606 Тематические рубрики 0_
a Основная рубрика Водный транспорт - Суда морские - Аварии
610 Ключевые слова 0_
a Ключевые слова водный транспорт; Титаник (лайнеры); лайнеры пассажирские; причины катастрофы; путешествия морские; трансатлантический лайнер "Титаник"; аварии морских судов; морские катастрофы; суда морские; события драматические
686 Индексы других классификаций __
2 Код системы rubbk
a Классификационный индекс 39.42
700 Автор _1
a Фамилия Дэвенпорт-Хайнс
b Имя (инициалы) Р.
g Полное личное имя Ричард
801 Источник записи _0
a Страна RU
b Организация МБУК ЦБС г. Ульяновска
c Дата составления 20260422
g Правила каталогизации RCR
801 Источник записи _1
a Страна RU
b Организация МБУК ЦБС г. Ульяновска
c Дата составления 20260422
g Правила каталогизации RCR
852 Данные о местонахождении __
i Авторский знак Д 94
j Шифр хранения 39.4
900 Электронные ресурсы __
a Имя электронного ресурса р. дэвенпорт-хайнс лед
901 Тип документа __
t Тип документа m
909 Создатель записи __
a Создатель записи obr2
b Дата создания записи 20260422